Raekwon Discography - Statistics

General Stats
  • This quiz has been taken 7 times
  • The average score is 4 of 27
Answer Stats
Year Name Type % Correct
1995 Only Built 4 Cuban Linx... Album
100%
2009 Only Built 4 Cuban Linx... Pt. II Album
57%
2017 The Wild Album
57%
1999 Immobilarity Album
43%
2011 Shaolin vs. Wu-Tang Album
43%
2003 The Lex Diamond Story Album
29%
2010 Wu-Massacre Album (Collab)
29%
2009 Blood on Chef's Apron Mixtape
14%
2015 Fly International Luxurious Art Album
14%
2013 Lost Jewlry Mixtape
14%
2008 Chef Cocaine Cooked Mixtape
0%
2010 Cocainism Vol. 2 Mixtape
0%
2010 Coke Up in da Dollar Bill Mixtape
0%
2009 Cuban Revolution Mixtape
0%
2011 Dope on the Table EP
0%
2006 Heroin Only Mixtape
0%
2009 Staten Go Hard Vol. 1 Mixtape
0%
2009 The Babygrande Recordings Compilation
0%
2004 The Chef vs. The Butcher Mixtape
0%
2013 The Tonite Show EP EP (Collab)
0%
2006 The Vatican Mixtape Vol. 1 Mixtape
0%
2006 The Vatican Mixtape Vol. 2 | The DaVinci Code Mixtape
0%
2007 The Vatican Mixtape Vol. 3 | House of Wax Mixtape
0%
2010 The Vatican Mixtape Vol. 4 Mixtape
0%
2011 Trouble Makers Mixtape
0%
2012 Unexpected Victory Mixtape
0%
2014 We Wanna Thank You Mixtape
0%
No matching quizzes found
Score Distribution
Percent of People with Each Score
Percentile by Number Answered
Your Score History
You have not taken this quiz